Prírodoveda pre tretiakov : metodické komentáre

Bibliographic Details
Main Authors: Dobišová Adame, Rút (Author), Kováčiková, Oľga (autorka učebníc) (Author)
Other Authors: Csurma, Ladislav, 1957- (Illustrator), Gavura, Juraj (Photographer)
Format: Book
Language:Slovak
PhysicalDescription:112 strán fotografie, ilustrácie, tabuľky 30 cm
Published: Bratislava Vydavateľstvo Aitec 2018
ISBN:9788081461460
Edition:1. vydanie
Subjects:

MARC

LEADER 00000cam a2200000 4500
001 vtls011841722
003 SK-MaSNL
005 20260301143608.0
008 200612s2018 xo oa frf 000 0 slo
015 |a SNBA2019/08 
020 |a 9788081461460  |q (brožované) 
035 |a urn:nbn:sk:snk-am00dllk 
035 |a urn:nbn:sk:snk-am3i6al 
035 |a 8A8C51DF-8281-4943-95B4-14B31B9F4A23 
040 |a SNK  |b slo  |c SNK  |e rda 
041 0 |a slo 
044 |a xo  |c SK 
072 7 |a 37.09  |x Organizácia výučby a vzdelávanie  |2 konspekt 
072 7 |a 373.2/.3  |x Predškolská a primárna výchova a vzdelávanie  |2 konspekt 
080 |a 57.081.1  |2 2011 
080 |a (075.2)  |2 2011 
080 |a (072)  |2 2011 
100 1 |a Dobišová Adame, Rút  |4 aut  |9 161511 
245 1 0 |a Prírodoveda  |b pre tretiakov : metodické komentáre  |c Rút Dobišová Adame, Oľga Kováčiková 
246 3 3 |a Prírodoveda 3  |b metodické komentáre 
250 |a 1. vydanie 
264 1 |a Bratislava  |b Vydavateľstvo Aitec  |c 2018 
300 |a 112 strán  |b fotografie, ilustrácie, tabuľky  |c 30 cm 
336 |a text  |b txt  |2 rdacontent 
337 |a bez média  |b n  |2 rdamedia 
338 |a zväzok  |b nc  |2 rdacarrier 
500 |a Na obálke napísané: Spracované podľa inovovaného Štátneho vzdelávacieho programu 2015 
650 0 7 |a prírodoveda  |2 SNKPH  |9 3960 
650 0 7 |a Natural history  |2 SNKPHeng  |9 278510 
655 7 |a učebnice základných škôl  |2 SNKPH  |9 70187 
655 7 |a Methodological manuals  |2 SNKPHeng  |9 270866 
655 7 |a metodické príručky  |2 SNKPH  |9 70250 
655 7 |a Textbooks (elementary)  |2 SNKPHeng  |9 276977 
700 1 |a Kováčiková, Oľga  |c (autorka učebníc)  |4 aut  |9 184165 
700 1 |a Csurma, Ladislav,  |d 1957-  |4 ill  |9 184168 
700 1 |a Gavura, Juraj  |4 pht  |9 345754 
919 |a 978-80-8146-146-0 
999 |c 774213  |d 776143 
952 |a SNK  |b SNK  |y PREZ  |7 0  |p 17A1361316  |o snkSB 93943  |i snk2019/7100  |8 0  |0 0  |1 0  |4 0  |d 2019-03-15  |f 1  |l 0  |r 2025-05-15 00:00:00  |w 2026-02-24 
952 |a SNK  |b SNK  |y VYP  |7 0  |p 17A1361317  |o snkSB 93943 D1  |i snk2019/7101  |8 0  |0 0  |1 0  |4 0  |d 2019-03-15  |l 0  |r 2026-02-24 00:45:03  |w 2026-02-24